书目信息 |
| 题名: |
农业自然资源
|
|
| 作者: | 黄文秀 主编 | |
| 分册: | ||
| 出版信息: | 北京 科学出版社 1998.06 |
|
| 页数: | 313页 | |
| 开本: | 16开 | |
| 丛书名: | 中国科学院研究生教学丛书 | |
| 单 册: | ||
| 中图分类: | F323.2 | |
| 科图分类: | ||
| 主题词: | 农业资源:自然资源--研究生--教材 | |
| 电子资源: | ||
| ISBN: | 7-03-006561-1 | |
| 000 | 00649nam0 2200217 45 | |
| 001 | 0211260867 | |
| 005 | 20031219104101.4 | |
| 010 | @a7-03-006561-1@dCNY38.00 | |
| 100 | @a20021126d1998 km y0chiy0120 ea | |
| 101 | 0 | @achi |
| 105 | @a z 000yy | |
| 200 | 1 | @a农业自然资源@ANong Ye Zi Ran Zi Yuan@f黄文秀主编@FHuang Wen Xiu Zhu Bian |
| 210 | @a北京@c科学出版社@d1998.06 | |
| 215 | @a313页@d16开 | |
| 225 | @a中国科学院研究生教学丛书 | |
| 410 | @12001 @a中国科学院研究生教学丛书 | |
| 606 | 0 | @a农业资源:自然资源@x研究生@x教材 |
| 690 | @aF323.2@v4 | |
| 701 | @a黄文秀@4主编 | |
| 801 | @aCN@bTSTC@c20021126 | |
| 905 | @b318399-406@dF323.2@e34@f8 | |
| 农业自然资源/黄文秀主编.-北京:科学出版社,1998.06 |
| 313页;16开.-(中国科学院研究生教学丛书) |
| ISBN 7-03-006561-1:CNY38.00 |
| ● |
| 相关链接 |
|
|
|
|
正题名:农业自然资源
索取号:F323.2/34
 
预约/预借
| 序号 | 登录号 | 条形码 | 馆藏地/架位号 | 状态 | 备注 |
| 1 | 0318399 | 203183991 | 第一借阅区/ [索取号:F323.2/34] | 在馆 | |
| 2 | 0318400 | 203184008 | 第一借阅区/ [索取号:F323.2/34] | 在馆 | |
| 3 | 0318401 | 203184017 | 密集书库/ [索取号:F323.2/34] | 在馆 | |
| 4 | 0318402 | 203184026 | 密集书库/ [索取号:F323.2/34] | 在馆 | |
| 5 | 0318403 | 203184035 | 第一借阅区/ [索取号:F323.2/34] | 在馆 | |
| 6 | 0318404 | 203184044 | 密集书库/ [索取号:F323.2/34] | 在馆 | |
| 7 | 0318405 | 203184053 | 第一借阅区/ [索取号:F323.2/34] | 在馆 | |
| 8 | 0318406 | 203184062 | 第一样本阅览室/ [索取号:F323.2/34] | 在馆 |